Statistics for NHL players who have had 50 goal seasons since 2000

Click here to take the quiz!

General Stats

  • This quiz has been taken 242 times
    (78 since last reset)
  • The average score is 16 of 21

Answer Stats

NumberTeam(s)HighestPlayer% Correct
9Washington Capitals65Alexander Ovechkin
99%
1Edmonton Oilers64Connor McDavid
97%
2Tampa Bay Lightning60Steven Stamkos
97%
1Toronto Maple Leafs60Auston Matthews
90%
1Pittsburgh Penguins50Evgeni Malkin
86%
1Pittsburgh Penguins50Sidney Crosby
86%
3Edmonton Oilers55Leon Draisaitl
83%
1Boston Bruins61David Pastrnak
79%
2Atlanta Thrashers52Ilya Kovalchuk
78%
2Calgary Flames52Jarome Iginla
78%
2New York Rangers/Pittsburgh Penguins54Jaromir Jagr
78%
1Colorado Avalanche54Joe Sakic
76%
1Anaheim Ducks50Corey Perry
71%
1Colorado Avalanche55Mikko Rantanen
69%
1Tampa Bay Lightning52Vincent Lecavalier
65%
1New York Rangers52Chris Kreider
64%
1Tampa Bay Lightning51Brayden Point
63%
2Florida Panthers59Pavel Bure
63%
2Ottawa Senators50Dany Heatley
58%
1San Jose Sharks56Jonathan Cheechoo
54%
1Colorado Avalanche50Milan Hejduk
44%

Score Distribution

Percentile by Number Answered

Percent of People with Each Score

Your Score History

You have not taken this quiz since the last reset